[Event "Biel MTO op 41st"]
[Site "Biel"]
[Date "2008.07.21"]
[Round "1"]
[White "Benkovic, Petar"]
[Black "Grinberg, Vladimir"]
[Result "1-0"]
[WhiteElo "2479"]
[BlackElo "2130"]
[PlyCount "65"]
[EventDate "2008.07.21"]
[EventType "swiss"]
[EventRounds "11"]
[EventCountry "SUI"]
[SourceTitle "CBM 125 Extra"]
[Source "ChessBase"]
[SourceDate "2008.09.01"]
[SourceVersion "1"]
[SourceVersionDate "2008.09.01"]
[SourceQuality "1"]

1. Nf3 g6 2. d4 Bg7 3. g3 Nf6 4. Bg2 0-0 5. 0-0 d6 6. b3 Nbd7 7. Bb2 e5 8. dxe5 Ng4 9. Qc1 Ngxe5 10. c4 Nxf3+ 11. Bxf3 Bxb2 12. Qxb2 Qf6 13. Nc3 Ne5 14. Bg2 Nc6 15. Rfd1 Be6 16. Qd2 Kg7 17. Rac1 Rae8 18. Nd5 Qd8 19. Qc3+ f6 20. Ne3 Qe7 21. c5 dxc5 22. Bxc6 bxc6 23. Qxc5 Qf7 24. Qxc6 Re7 25. Qa6 c5 26. Rxc5 f5 27. Qd6 f4 28. Qe5+ Kg8 29. Qxf4 Qe8 30. Qd4 Bh3 31. Rd5 Qf7 32. f4 Qe8 33. Rd8 1-0